| 000 | 00394nam a22001697a 4500 | ||
|---|---|---|---|
| 005 | 20160530094807.0 | ||
| 008 | 160530b xxu||||| |||| 00| 0 eng d | ||
| 020 | _a81-85386-16-1 | ||
| 041 | _aeng | ||
| 082 | _b5893 | ||
| 100 |
_aBoyd Jr. West ball and starch _91473 |
||
| 245 | _aMarketing Research | ||
| 260 |
_aDelhi _bAITB. |
||
| 300 | _a812 | ||
| 650 |
_aManagement _9241 |
||
| 942 | _cBK | ||
| 999 |
_c2088 _d2087 |
||